| 000 | 00669nam a2200205Ia 4500 | ||
|---|---|---|---|
| 001 | b3852-26348 [5369] | ||
| 003 | IT-MiCISF | ||
| 008 | 161014s9999||||xx |||||||||||||| ||und|| | ||
| 040 |
_aIT-MiCISF _cIT-MiCISF |
||
| 041 | _ait | ||
| 100 | _aFalbo Elvira | ||
| 245 | 0 |
_aCultura e nuove povertà _bCase-famiglia, comunità alloggio e lavoro di rete sul territorio |
|
| 250 | _a1a ed. | ||
| 260 |
_a Roma _bColetti a San Pietro _c1996 |
||
| 300 | _app. 215 | ||
| 500 | _a / bambini-a-rischio, crisi-famiglia, casa-famiglia, comunità-alloggio, operatori-sociali, servizi-sociali / | ||
| 650 | _aservizi-alla-persona | ||
| 942 | _cBK | ||
| 957 | _71 | ||
| 999 |
_a26348 _bsi _g1 _c213475 _d213475 |
||